000
00296nab a22001097u 4500
008
130520b1988 xxu||||| |||| 00| 0 spa d
041
_a
spa
100
1
_a
Fuchs, G.
_9
67440
245
0
0
_a
Diaconía cultural
_c
G. Fuchs
773
0
_t
Concilium
_g
V.2,1988,págs.139-148
_x
0210-1041
_w
Rev134
942
_c
AR
999
_c
355410
_d
355410